00811 2200277 4500001002100000005001500021035002500036008004100061040001700102082001800119100004000137245011600177250001100293260003400304300002300338500003300361650002800394700002000422700001600442850001200458007000300470084001800473990001500491990001500506990001200521YOGYA-0209000000850420240926014855 a0010-020900000008504090227s1994 jti g ind d aYOPDYOGbind042[22]a297.217 aAL-JAZAIRI, Abu Bakar JabircSyaikh aAqidah seorang mukmin /cSyaikh Abu Bakar Jabir Al-Jazairi; penerjemah, Salim Bazemool; penyunting, Sri Wahyuni aCet. 13 aSolo :bPustaka Mantiq,c1994 a339 hlm. ;c18 cm. aJudul asli: Aqiidatul mukmin 4aIslam--xIman dan kufur aBazemool, Salim aSri Wahyuni aYOPDYOGta a297.217 JAZ a a90486-P/97 a90485-P/97 a90484-P